[Event "FICGS W-ch st2 g04 email"]
[Site "FICGS email"]
[Date "2012.01.12"]
[Round "1"]
[White "Fransson, Claes"]
[Black "Bakhmatov, Andrey"]
[Result "1/2-1/2"]
[WhiteElo "2178"]
[BlackElo "2125"]
[PlyCount "82"]
[EventDate "2012.??.??"]
[EventType "tourn (corr)"]
[EventRounds "8"]
[SourceTitle "Corr 2022"]
[Source "ChessBase"]
[SourceDate "2021.10.24"]
[SourceVersion "1"]
[SourceVersionDate "2021.10.24"]
[SourceQuality "1"]

1. d4 Nf6 2. Nf3 b6 3. c4 e6 4. a3 Ba6 5. Qc2 Bb7 6. Nc3 c5 7. dxc5 bxc5 8. Bf4 Be7 9. h3 0-0 10. e3 d5 11. cxd5 exd5 12. Rd1 Nbd7 13. Be2 Nb6 14. 0-0 Bd6 15. Bxd6 Qxd6 16. Rd2 Qe6 17. Rfd1 Rab8 18. Nh4 a5 19. a4 g6 20. Nf3 Nc8 21. Rc1 Nd6 22. Nb5 Nfe4 23. Rdd1 Rfc8 24. Nd2 c4 25. Nxd6 Nxd6 26. Bg4 f5 27. Bf3 g5 28. Nf1 Bc6 29. Rd4 Rb4 30. Ng3 Rf8 31. b3 f4 32. bxc4 Rxc4 33. Rxc4 dxc4 34. exf4 Bxf3 35. gxf3 gxf4 36. Ne4 Nxe4 37. Qxe4 Qxe4 38. fxe4 Rb8 39. Rxc4 Rb4 40. Rc5 Rxa4 41. Kg2 Rxe4 1/2-1/2

[Event "FICGS W-ch st2 g04 email"]
[Site "FICGS email"]
[Date "2012.01.12"]
[Round "1"]
[White "Legrand, Stephane"]
[Black "Fransson, Claes"]
[Result "1/2-1/2"]
[WhiteElo "2191"]
[BlackElo "2178"]
[PlyCount "87"]
[EventDate "2012.??.??"]
[EventType "tourn (corr)"]
[EventRounds "8"]
[SourceTitle "Corr 2022"]
[Source "ChessBase"]
[SourceDate "2021.10.24"]
[SourceVersion "1"]
[SourceVersionDate "2021.10.24"]
[SourceQuality "1"]

1. d4 Nf6 2. Nf3 e6 3. c4 Bb4+ 4. Bd2 Qe7 5. g3 Bxd2+ 6. Qxd2 Nc6 7. Nc3 d5 8. Ne5 dxc4 9. Bg2 Nxe5 10. dxe5 Nd7 11. Qd4 a6 12. Rd1 0-0 13. f4 Nb6 14. Rd2 Rb8 15. Ne4 Re8 16. Kf2 Bd7 17. Nc5 Bc6 18. Bxc6 bxc6 19. Rhd1 h6 20. Kf3 a5 21. a3 Rf8 22. h4 a4 23. Ne4 Ra8 24. Nc3 f5 25. exf6 Qxf6 26. Qxf6 gxf6 27. Ne4 Ra5 28. Rc2 f5 29. Nd2 Rd5 30. Rdc1 c3 31. Nb1 cxb2 32. Rxb2 Rd6 33. Nd2 Rfd8 34. Nc4 Rd1 35. Rxd1 Rxd1 36. Nxb6 cxb6 37. Rxb6 Ra1 38. Rxc6 Rxa3+ 39. Kf2 Kf7 40. Rc7+ Kg6 41. Re7 Kf6 42. Rh7 Kg6 43. Re7 Kf6 44. Rh7 1/2-1/2

[Event "FICGS W-ch st2 g01 email"]
[Site "FICGS email"]
[Date "2011.04.03"]
[Round "1"]
[White "Fransson, Claes"]
[Black "Sharland, Michael"]
[Result "1-0"]
[WhiteElo "1987"]
[BlackElo "2227"]
[PlyCount "151"]
[EventDate "2011.??.??"]
[EventType "tourn (corr)"]
[EventRounds "6"]
[SourceTitle "Corr 2022"]
[Source "ChessBase"]
[SourceDate "2021.10.24"]
[SourceVersion "1"]
[SourceVersionDate "2021.10.24"]
[SourceQuality "1"]

1. d4 Nf6 2. Nf3 d5 3. c4 e6 4. Nc3 c6 5. Bg5 h6 6. Bxf6 Qxf6 7. e3 Nd7 8. Bd3 dxc4 9. Bxc4 g6 10. 0-0 Bg7 11. Ne4 Qe7 12. Qc2 0-0 13. Bb3 e5 14. Ng3 Kh8 15. Rad1 Re8 16. h3 e4 17. Nd2 f5 18. Ne2 Kh7 19. Rc1 Nf6 20. a3 Bd7 21. Nf4 Rac8 22. Rfd1 g5 23. Ne2 Nd5 24. Re1 Be6 25. Ba2 h5 26. Qa4 a6 27. Qc2 Bh6 28. Nc3 g4 29. hxg4 hxg4 30. g3 Kg7 31. Bxd5 cxd5 32. Qb3 Bg5 33. Na4 Bf7 34. Kg2 Rc7 35. Nc5 Rc6 36. a4 Rb8 37. a5 Qd8 38. Qa4 b5 39. Qb4 Qd6 40. Rh1 Rcc8 41. Ndb3 Be7 42. Na1 Rh8 43. Nc2 Rbc8 44. Qd2 Rxh1 45. Rxh1 Qd8 46. b3 Bf8 47. Qc1 Qxa5 48. Qg1 Bg6 49. Qh2 Kf7 50. Ra1 Qd8 51. Rxa6 Ra8 52. Ne6 Qc8 53. Rxa8 Qxa8 54. Nxf8 Qxf8 55. Qh1 Ke6 56. Qa1 Qd6 57. Qa8 Bf7 58. Na3 Qb6 59. Qc8+ Kf6 60. b4 Be6 61. Qf8+ Kg6 62. Qe7 Qc6 63. Nxb5 Qxb5 64. Qxe6+ Kg5 65. Qe7+ Kg6 66. Qc5 Qe2 67. b5 Qf3+ 68. Kg1 Qd1+ 69. Kh2 Qe2 70. Qd6+ Kg7 71. Qf4 Qxb5 72. Qg5+ Kf7 73. Qxf5+ Ke7 74. Qxg4 Kf7 75. Qf5+ Kg8 76. g4 1-0

[Event "FICGS W-ch st2 g01 email"]
[Site "FICGS email"]
[Date "2011.04.03"]
[Round "1"]
[White "Plant, Kevin D"]
[Black "Fransson, Claes"]
[Result "0-1"]
[WhiteElo "2247"]
[BlackElo "1987"]
[PlyCount "118"]
[EventDate "2011.??.??"]
[EventType "tourn (corr)"]
[EventRounds "6"]
[SourceTitle "Corr 2013"]
[Source "ChessBase"]
[SourceDate "2012.11.12"]
[SourceVersion "1"]
[SourceVersionDate "2012.11.12"]
[SourceQuality "1"]

1. Nf3 e6 2. c4 Nf6 3. d4 Bb4+ 4. Nc3 b6 5. Qc2 Bb7 6. e3 0-0 7. Be2 c5 8. dxc5 Be4 9. Qb3 bxc5 10. 0-0 Bxc3 11. Qxc3 a5 12. b3 Qe7 13. Rd1 Nc6 14. Bb2 a4 15. bxa4 Rxa4 16. Ne5 d6 17. Nxc6 Bxc6 18. f3 Rfa8 19. a3 R4a6 20. Qd2 Ba4 21. Rdb1 h6 22. Bc3 Nd7 23. Rb7 Bc6 24. Rb3 R6a7 25. Rab1 d5 26. Ba1 f6 27. Bb2 Kh8 28. Bc1 Rd8 29. Qc3 Raa8 30. Bf1 d4 31. Qe1 e5 32. e4 Qd6 33. Bd3 Ba4 34. Rb7 Rdb8 35. Qf2 Kh7 36. Qe2 Rxb7 37. Rxb7 Nb6 38. Qb2 Ra6 39. f4 Bd7 40. Qf2 Qc6 41. fxe5 fxe5 42. Rb8 Be6 43. Qh4 Nc8 44. Qh5 Qc7 45. Rb1 Bf7 46. Qe2 Nd6 47. Qc2 Bg6 48. Bb2 Qc6 49. Re1 Bf7 50. Rc1 Ra4 51. Qe2 Qb7 52. h3 Qb3 53. Qc2 Qxc2 54. Bxc2 Ra7 55. Ra1 Nxc4 56. Bc1 Na5 57. Bd2 Bb3 58. Bxa5 Bxc2 59. Be1 c4 0-1

[Event "FICGS W-ch st1 g01 email"]
[Site "FICGS email"]
[Date "2010.07.02"]
[Round "1"]
[White "Fransson, Claes"]
[Black "Nichols, Scott"]
[Result "1/2-1/2"]
[WhiteElo "1800"]
[BlackElo "2229"]
[PlyCount "62"]
[EventDate "2010.??.??"]
[EventType "tourn (corr)"]
[EventRounds "6"]
[SourceTitle "Corr 2013"]
[Source "ChessBase"]
[SourceDate "2012.11.12"]
[SourceVersion "1"]
[SourceVersionDate "2012.11.12"]
[SourceQuality "1"]

1. d4 d5 2. Nf3 Nf6 3. c4 c6 4. e3 e6 5. Bd3 dxc4 6. Bxc4 c5 7. 0-0 a6 8. dxc5 Qxd1 9. Rxd1 Bxc5 10. Be2 0-0 11. Bd2 b6 12. Ne5 Bb7 13. Bc3 Nc6 14. Nd2 Nxe5 15. Bxe5 Rfc8 16. Rac1 b5 17. Bxf6 gxf6 18. Bf3 Bxf3 19. Nxf3 f5 20. Rd2 Be7 21. Rdc2 Rxc2 22. Rxc2 Rd8 23. Kf1 Rd1+ 24. Ke2 Ra1 25. b3 Bf6 26. g3 a5 27. Ne1 a4 28. Nd3 Kg7 29. bxa4 bxa4 30. Nc5 a3 31. Nb3 Rh1 1/2-1/2

[Event "FICGS W-ch st1 g01 email"]
[Site "FICGS email"]
[Date "2010.07.02"]
[Round "1"]
[White "Gregor, Jiri"]
[Black "Fransson, Claes"]
[Result "0-1"]
[WhiteElo "1800"]
[BlackElo "1800"]
[PlyCount "30"]
[EventDate "2010.??.??"]
[EventType "tourn (corr)"]
[EventRounds "6"]
[SourceTitle "Corr 2013"]
[Source "ChessBase"]
[SourceDate "2012.11.12"]
[SourceVersion "1"]
[SourceVersionDate "2012.11.12"]
[SourceQuality "1"]

1. c4 c5 2. Nc3 Nc6 3. g3 Nf6 4. Bg2 g6 5. Nf3 Bg7 6. 0-0 0-0 7. d4 cxd4 8. Nxd4 Qb6 9. Nc2 d6 10. b3 Qc5 11. Bb2 Qh5 12. e4 Qa5 13. Nd5 Nxd5 14. Bxg7 Ne3 15. Nxe3 Kxg7 0-1